000 00658cam a2200217 a 4500
001 000009641
005 20200929161644.0
008 850117s1989 cu 001 f spa
040 _aDO-SdBNP
_dBNPHU
082 _aCu863.44
_bO87t
100 1 _aOtero, Lisandro,
_d1932-
_923247
245 1 0 _aTemporada de angeles /
_cLisandro Otero.
260 _aLa Habana :
_bLetras Cubanas,
_c1989.
300 _a376 p. ;
_c18 cm.
490 1 _aGiraldilla
650 4 _aNovela cubana
_92316
650 4 _aLiteratura cubana
_91483
830 0 _aGiraldilla
_98904
910 _aCatalogación derivada
491 1 _aFundación de la Imprenta Nacional de Cuba. Aniversario 30
999 _c9401
_d9401